Jak vést k úspěšnosti externí prodavače-začátečníky. Případová studie převzatá z německého originálu "Aussendienst Studienlehrgang" s laskavým svolením vydavatele.
Samotest spôsobu riadenia. Základné znalosti psychologického pozadia k rôznym filozofiám riadenia. Tri druhy filozofie utvárania postojov vedúcich odbytu (predaja): 1. Cieľ je dôležitejší ako cesta k nemu. 2. Cieľ je rovnako dôležitý ako cesta k nemu. 3. Cesta je dôležitejšia ako cieľ.
Salvato in:
| Natura: | Capitolo di libro |
|---|---|
| Lingua: | ceco |
| Soggetti: | |
| Tags: |
Nessun Tag, puoi essere il primo ad aggiungerne!!
|
MARC
| LEADER | 00000naa a2200000 4500 | ||
|---|---|---|---|
| 001 | r008182 | ||
| 005 | 20220831085115.1 | ||
| 041 | 0 | |a cze | |
| 044 | |a [CS] | ||
| 245 | 1 | 0 | |a Jak vést k úspěšnosti externí prodavače-začátečníky. |b Případová studie převzatá z německého originálu "Aussendienst Studienlehrgang" s laskavým svolením vydavatele. |
| 520 | |a Samotest spôsobu riadenia. Základné znalosti psychologického pozadia k rôznym filozofiám riadenia. Tri druhy filozofie utvárania postojov vedúcich odbytu (predaja): 1. Cieľ je dôležitejší ako cesta k nemu. 2. Cieľ je rovnako dôležitý ako cesta k nemu. 3. Cesta je dôležitejšia ako cieľ. | ||
| 610 | 2 | 0 | |a predaj |
| 610 | 2 | 0 | |a predajne |
| 610 | 2 | 0 | |a riadenie podnikové |
| 610 | 2 | 0 | |a odbyt |
| 610 | 2 | 0 | |a pracovníci vedúci |
| 610 | 2 | 0 | |a psychológia predaja |